Hitos de la política exterior durante el gobierno de la Presidente Michelle Bachelet 2006-2010
Saved in:
| Corporate Authors: | , |
|---|---|
| Format: | Bog |
| Sprog: | spansk |
| Udgivet: |
Santiago
Ministerio de Relaciones Exteriores
2010
|
| Fag: | |
| Tags: |
Tilføj Tag
Ingen Tags, Vær først til at tagge denne postø!
|
MARC
| LEADER | 00000nam a2200000 a 4500 | ||
|---|---|---|---|
| 001 | UCG2925 | ||
| 003 | CL-VaPUC | ||
| 008 | 100729e20100000CL |||||||||||||||||spa|d | ||
| 020 | |a . | ||
| 082 | 0 | 4 | |a 327.1 |b MIN |2 21 |
| 110 | 2 | |a Ministerio de Relaciones Exteriores |e author |9 551616 | |
| 710 | 2 | |a Gobierno de Chile |e author |9 551617 | |
| 245 | 1 | 0 | |a Hitos de la política exterior durante el gobierno de la Presidente Michelle Bachelet 2006-2010 |
| 300 | |a 156 p | ||
| 942 | |c BK | ||
| 945 | |d 20100729 00:00:00 |a mfarfan | ||
| 260 | |a Santiago |b Ministerio de Relaciones Exteriores |c 2010 | ||
| 600 | 0 | 7 | |a MINISTERIO DE RELACIONES EXTERIORES |2 CL-VaPUC |9 398252 |
| 600 | 0 | |a Bachelet Jeria, Michelle |e author |9 502730 | |
| 650 | 0 | |a Política exterior |9 316628 | |
| 650 | 0 | |a Relaciones Internacionales |9 255740 | |
| 651 | 7 | |a CHILE |2 CL-VaPUC |9 551619 | |
| 583 | |a last modification |c 20100729 00:00:00 |k Rodrigo Vera | ||
| 999 | |c 342026 |d 342024 | ||
| 952 | |0 0 |1 0 |4 0 |6 327_100000000000000_MIN_2010 |7 0 |8 A |9 437970 |a BIBHIS |b BIBHIS |d 2019-11-22 |i 4700635 |o 327.1 MIN 2010 |p 4700635 |r 2025-01-20 |w 2019-11-22 |y BK |k HIS | ||